An introduction to sociocultural anthropology : (Record no. 12313)

MARC details
000 -LEADER
fixed length control field 01560cam a2200373 i 4500
001 - CONTROL NUMBER
control field 19541765
003 - CONTROL NUMBER IDENTIFIER
control field OSt
005 - DATE AND TIME OF LATEST TRANSACTION
control field 20211013103750.0
008 - FIXED-LENGTH DATA ELEMENTS--GENERAL INFORMATION
fixed length control field 170306s2017 cou b 001 0 eng c
010 ## - LIBRARY OF CONGRESS CONTROL NUMBER
LC control number 2017010446
020 ## - INTERNATIONAL STANDARD BOOK NUMBER
International Standard Book Number 9781607327189 (pbk.)
020 ## - INTERNATIONAL STANDARD BOOK NUMBER
Canceled/invalid ISBN 9781607327196 (ebook)
040 ## - CATALOGING SOURCE
Original cataloging agency CoU/DLC
Language of cataloging eng
Transcribing agency HU
Description conventions rda
Modifying agency DLC
042 ## - AUTHENTICATION CODE
Authentication code pcc
050 00 - LIBRARY OF CONGRESS CALL NUMBER
Classification number GN316
Item number .H35 2017
082 00 - DEWEY DECIMAL CLASSIFICATION NUMBER
Classification number 301
Edition number 23
100 1# - MAIN ENTRY--PERSONAL NAME
Personal name ZERIHUN DODA
Relator term author.
9 (RLIN) 13185
245 13 - TITLE STATEMENT
Title An introduction to sociocultural anthropology :
Remainder of title adaptations, structures, meanings /
Statement of responsibility, etc. David W. Haines.
250 ## - EDITION STATEMENT
Edition statement Second edition.
264 #1 - PRODUCTION, PUBLICATION, DISTRIBUTION, MANUFACTURE, AND COPYRIGHT NOTICE
Place of production, publication, distribution, manufacture ETHIOPIA:
Name of producer, publisher, distributor, manufacturer HALL
Date of production, publication, distribution, manufacture, or copyright notice 2005
300 ## - PHYSICAL DESCRIPTION
Extent 219
Dimensions 23 cm
336 ## - CONTENT TYPE
Content type term text
Source rdacontent
337 ## - MEDIA TYPE
Media type term unmediated
Source rdamedia
338 ## - CARRIER TYPE
Carrier type term volume
Source rdacarrier
500 ## - GENERAL NOTE
General note "The first edition of this book was previously published by: Pearson Education, Inc."--Title page.
504 ## - BIBLIOGRAPHY, ETC. NOTE
Bibliography, etc. note Includes bibliographical references and index.
520 ## - SUMMARY, ETC.
Summary, etc. "A concise yet comprehensive guide to cultural anthropology using a materialist approach. This revised and updated edition exposes students to the cultural detail and personal experiences that lie in the anthropological record and extends their anthropological understanding to contemporary issues"--Provided by publisher.
650 #0 - SUBJECT ADDED ENTRY--TOPICAL TERM
Topical term or geographic name entry element Ethnology.
9 (RLIN) 13186
650 #0 - SUBJECT ADDED ENTRY--TOPICAL TERM
Topical term or geographic name entry element Human geography.
9 (RLIN) 12129
650 #0 - SUBJECT ADDED ENTRY--TOPICAL TERM
Topical term or geographic name entry element Ethnobiology.
9 (RLIN) 13187
906 ## - LOCAL DATA ELEMENT F, LDF (RLIN)
a 7
b cbc
c orignew
d 1
e ecip
f 20
g y-gencatlg
942 ## - ADDED ENTRY ELEMENTS (KOHA)
Source of classification or shelving scheme Dewey Decimal Classification
Koha item type Books like text book referance book
Suppress in OPAC No
Holdings
Withdrawn status Lost status Source of classification or shelving scheme Damaged status Not for loan Home library Current library Shelving location Date acquired Total Checkouts Full call number Barcode Date last seen Copy number Price effective from Koha item type
    Dewey Decimal Classification     Social Library Social Library General Stacks 10/13/2021   301/ZER SHLIB 00001472 10/13/2021 3 10/13/2021 Books like text book referance book
    Dewey Decimal Classification     Social Library Social Library General Stacks 10/13/2021   301/ZER SHLIB 00001470 10/13/2021 1 10/13/2021 Books like text book referance book
    Dewey Decimal Classification     Social Library Social Library General Stacks 10/13/2021   301/ZER SHLIB 00001471 10/13/2021 2 10/13/2021 Books like text book referance book
    Dewey Decimal Classification     Social Library Social Library General Stacks 10/13/2021   301/ZER SHLIB 00001473 10/13/2021 4 10/13/2021 Books like text book referance book
    Dewey Decimal Classification     Social Library Social Library General Stacks 10/13/2021   301/ZER SHLIB 00001474 10/13/2021 47 10/13/2021 Books like text book referance book